Obálka Náhled e-knihy:
PDF
Pro půjčování e-knih musíte být přihlášeni.
Jak si půjčit online?

Tlapková patrola. Pohádkové usínání s tlapkami /

Štěňata vyrážejí do akce, aby podala pomocnou tlapku kamarádům v nouzi. Na konci každého ze sedmi příběhů čekají na děti otázky k přečtené pohádce.

Uloženo v:
Série:Tlapková patrola, část
Další autoři: Steinerová, Irena, 1966- (Překladatel), Vichrová, Petra (Překladatel), Krankus, Martin (Překladatel)
Médium: E-kniha
Jazyk:Czech
Vydáno: V Praze : Egmont, 2024
Vydání:1. vydání
Edice:Paw Patrol (Egmont)
Témata:
Příbuzné jednotky:Z cyklu:: Tlapková patrola
Tagy:
Žádné tagy
LEADER 02513nam a2200529 i 4500
001 312511
003 CZ PrSKC
005 20260601215723.0
007 ta
008 240426s2024 xr a a 000 j cze
015 |a cnb003603591 
020 |a 9788025257777  |q (vázáno) :  |c Kč 399,00 
035 |a (OCoLC)1445420163 
040 |a ABG001  |b cze  |e rda 
041 1 |a cze  |h eng 
072 7 |a 821-93  |x Literatura pro děti a mládež (beletrie)  |2 Konspekt 
080 |a 821-32  |2 MRF 
080 |a 821-93  |2 MRF 
080 |a (0:82-32)  |2 MRF 
130 0 |a Paw patrol: storytime collection.  |l Česky 
245 1 0 |a Tlapková patrola.  |p Pohádkové usínání s tlapkami /  |c z anglického originálu přeložili Irena Steinerová, Petra Vichrová a Martin Krankus 
246 3 0 |a Pohádkové usínání s tlapkami 
250 |a 1. vydání 
264 1 |a V Praze :  |b Egmont,  |c 2024 
300 |a 173 stran :  |b barevné ilustrace ;  |c 26 cm 
336 |a text  |b txt  |2 rdacontent 
337 |a bez média  |b n  |2 rdamedia 
338 |a svazek  |b nc  |2 rdacarrier 
490 1 |a Paw Patrol 
500 |a Nad názvem uveden původní nakladatel: Nickelodeon 
520 2 |a Štěňata vyrážejí do akce, aby podala pomocnou tlapku kamarádům v nouzi. Na konci každého ze sedmi příběhů čekají na děti otázky k přečtené pohádce.  |b Tým odvážných hrdinů bude tentokrát zachraňovat chobotničku v nesnázích, zúčastní se napínavého závodu v Adventure Bay, vyzkouší si bojová umění, a když si Chase zlomí zoubek, navštíví i zubařskou ordinaci. Nakladatelská anotace. Kráceno. 
521 8 |a Pro děti od 4 let 
655 7 |a příběhy  |7 fd133204  |2 czenas 
655 7 |a publikace pro děti  |7 fd133156  |2 czenas 
655 9 |a stories  |2 eczenas 
655 9 |a children's literature  |2 eczenas 
700 1 |a Steinerová, Irena,  |d 1966-  |7 jn20010309566  |4 trl 
700 1 |a Vichrová, Petra  |7 ola20181002403  |4 trl 
700 1 |a Krankus, Martin  |7 xx0194501  |4 trl 
787 0 8 |i Z cyklu:  |t Tlapková patrola 
830 0 |a Paw Patrol (Egmont) 
900 |a ABA001  |b 20 
928 9 |a Albatros Media - Egmont 
044 |a xr 
910 |a RBIT002 
998 |d 414297  |a https://core.palmknihy.cz/api/books/414297/cover?sk34sf  |b https://core.palmknihy.cz/api/books/414297/cover/400?sk34sf  |c https://core.palmknihy.cz/api/books/414297/cover/50?sk34sf  |e 2026-06-30  |g 176  |i 9788025257777  |k https://core.palmknihy.cz/api/books/414297/preview.pdf  |l   |q 49  |r 1  |s https://www.palmknihy.cz/kniha/414297  |t ebook  |y 2024  |z 0 
999 |d 312509